01078nam a2200241 a 450000100060000000300090000600800410001502000150005604000280007108200170009910000290011624500500014526000380019530000110023349000260024450502430027059000650051365000330057865000440061194200120065599900170066795201520068419207CO-ViMGA141112s2004 ck r 000 u spa d a8471124702 aCO-ViMGAbspacCO-ViMGA04a302.23 B824e1 aBuckingham, David92758210aCrecer en la era de los medios electrónicos aMadrid : bEdiciones Morata; 2002 a247 p. aEducación crítica aEn busca del niño : construcción de la infancia, representación de la infancia Generación electrónica Infancias medáticas cambiantes los niños contemplan la violencia los niños como consumidores Los niños como ciudadanas aForma de adquisición : Proyecto 2005 - - Precio : 117.00014aINFANCIA - TECNOLOGIA92758314aMEDIOS DE COMUNICACION - NIÑOS927584 2ddccBK c28369d28369 00102ddc40708003aMEVIECARbMEVIECARd2015-12-04hVolumen. 1 | 11/jun/2009l0o302.23 B824e p19207r2019-02-18 00:00:00tEj. 1w2015-12-04yBK